000 00495nam a2200217Ia 4500
003 OSt
005 20250415114944.0
008 210210b1970 xxu||||| |||| 00| 0 eng d
040 _cAL
041 _aEnglish
082 _a536 MATF
100 _aMATHUR (D S).
_9208338
245 _aFundamentals of heat
250 _a2 Rev
260 _aN D
_bSultan Chand & Sons
_c1970
300 _avi,831
650 _aHeat
_9208339
690 _aHeat
_9208339
906 _aSG00246
942 _2ddc
_cBK
999 _c111503
_d111503